| 000 | 00617nam a22001937a 4500 | ||
|---|---|---|---|
| 003 | OSt | ||
| 005 | 20220107122759.0 | ||
| 008 | 150410b xxu||||| |||| 00| 0 eng d | ||
| 040 | _c | ||
| 100 |
_aNishant Kashyap (93613023) _96593 |
||
| 245 | _aSecure mobile banking application | ||
| 500 | _aMini Project Report, MSc. CSIS, Second Semester | ||
| 502 |
_bMSc. Computer Science and Information Security _c2013 - 2015 _dINT _eTony Thomas |
||
| 650 |
_aINFORMATION SECURITY _96594 |
||
| 650 |
_aMOBILE BANKING _96595 |
||
| 650 |
_aENCRYPTION _96596 |
||
| 650 |
_aIDENTITY AUTHENTICATION _96597 |
||
| 942 |
_2ddc _cPR |
||
| 999 |
_c4639 _d4639 |
||